[Event "Voronezh op-B 22nd"]
[Site "Voronezh"]
[Date "2018.06.20"]
[Round "9"]
[White "Vasiljev, Ilya"]
[Black "Sibgatullin, Amir"]
[Result "1-0"]
[WhiteElo "1816"]
[BlackElo "1638"]
[PlyCount "57"]
[EventDate "2018.06.12"]
[EventType "swiss"]
[EventRounds "9"]
[EventCountry "RUS"]
[SourceTitle "CBM 185 Extra"]
[Source "ChessBase"]
[SourceDate "2018.07.29"]
[SourceVersion "1"]
[SourceVersionDate "2018.07.29"]
[SourceQuality "1"]

1. e4 c5 2. Nf3 Nc6 3. d4 cxd4 4. Nxd4 Qb6 5. Nb3 Nf6 6. Bd3 e6 7. 0-0 Be7 8. Be3 Qc7 9. Nc3 a6 10. f4 d6 11. a4 0-0 12. a5 Nd7 13. Na4 f5 14. exf5 exf5 15. Nb6 Rb8 16. Re1 Nf6 17. c3 Kh8 18. Qc2 g6 19. Nd4 Nd8 20. Bf2 d5 21. Bh4 Qd6 22. Rxe7 Qxe7 23. Nxd5 Qd6 24. Bxf6+ Rxf6 25. Nxf6 Qxf6 26. Re1 Bd7 27. Qe2 Nc6 28. Nxc6 Qxc6 29. Qe5+ 1-0

[Event "Voronezh op-B 22nd"]
[Site "Voronezh"]
[Date "2018.06.18"]
[Round "7"]
[White "Filippov, Vladimir Serg"]
[Black "Sibgatullin, Amir"]
[Result "1/2-1/2"]
[WhiteElo "1881"]
[BlackElo "1638"]
[PlyCount "91"]
[EventDate "2018.06.12"]
[EventType "swiss"]
[EventRounds "9"]
[EventCountry "RUS"]
[SourceTitle "CBM 185 Extra"]
[Source "ChessBase"]
[SourceDate "2018.07.29"]
[SourceVersion "1"]
[SourceVersionDate "2018.07.29"]
[SourceQuality "1"]

1. Nf3 Nf6 2. b3 g6 3. Bb2 Bg7 4. g3 d6 5. Bg2 0-0 6. 0-0 e5 7. d3 Re8 8. Nbd2 Nbd7 9. Nc4 e4 10. dxe4 Nxe4 11. Bxg7 Kxg7 12. Qd4+ Qf6 13. e3 Nc3 14. Rfe1 d5 15. Nb2 c5 16. Qd2 Ne4 17. Qc1 Ne5 18. Nxe5 Qxe5 19. Nd3 Qc3 20. Qb2 Qxb2 21. Nxb2 Nc3 22. Nd1 Ne4 23. Bxe4 dxe4 24. Nc3 Bf5 25. Red1 Rad8 26. Kf1 h5 27. Ke1 a6 28. Rd5 Rxd5 29. Nxd5 Bg4 30. Nc3 b5 31. Ne2 Kf6 32. Rd1 Ke5 33. Rd2 Bxe2 34. Kxe2 Ke6 35. h4 f5 36. Rd1 Rc8 37. f3 exf3+ 38. Kxf3 c4 39. Rd2 cxb3 40. axb3 a5 41. Kf4 a4 42. bxa4 Rc4+ 43. Kf3 bxa4 44. Rd8 Rxc2 45. Ra8 Rc4 46. Ra6+ 1/2-1/2

[Event "Voronezh op-B 22nd"]
[Site "Voronezh"]
[Date "2018.06.13"]
[Round "2"]
[White "Sibgatullin, Amir"]
[Black "Teryaeva, Valeria"]
[Result "1/2-1/2"]
[WhiteElo "1638"]
[BlackElo "1787"]
[PlyCount "96"]
[EventDate "2018.06.12"]
[EventType "swiss"]
[EventRounds "9"]
[EventCountry "RUS"]
[SourceTitle "CBM 185 Extra"]
[Source "ChessBase"]
[SourceDate "2018.07.29"]
[SourceVersion "1"]
[SourceVersionDate "2018.07.29"]
[SourceQuality "1"]

1. d4 f5 2. Nf3 Nf6 3. e3 g6 4. c4 d6 5. b4 Bg7 6. Bb2 c6 7. Be2 0-0 8. Qb3 h6 9. 0-0 Qc7 10. Nc3 Kh7 11. Rac1 e5 12. d5 Nbd7 13. Rfd1 g5 14. Qc2 Nb6 15. a4 Bd7 16. Ba3 cxd5 17. c5 Nc8 18. Nxd5 Nxd5 19. Rxd5 Qc6 20. Rcd1 Qxa4 21. Qc1 Be6 22. cxd6 Bxd5 23. Rxd5 Nb6 24. Ra5 Qd7 25. h3 Qe6 26. Nd2 Rfc8 27. Qb1 a6 28. e4 Qxd6 29. exf5 Kh8 30. Ne4 Qd7 31. f6 Bf8 32. Bg4 Qh7 33. Bxc8 Rxc8 34. b5 Bxa3 35. Rxa3 Nc4 36. Rc3 axb5 37. Qxb5 Qxe4 38. Qd7 Rg8 39. f7 Rf8 40. Qe6 Kg7 41. Rxc4 Qe2 42. Kh2 Rxf7 43. Rc5 Qxf2 44. Qxe5+ Qf6 45. Kg3 Re7 46. Qxf6+ Kxf6 47. Rb5 Rc7 48. Rb6+ Kf5 1/2-1/2